000 01368nam a2200301 4500
003 EC-UNACH
005 20251212170137.0
006 s||||gr|||| 00| 00
008 150116t9999 mx r gr 000 0 spa d
020 _a978-987-1140-43-5
040 _aEC-UNACH
_cEC-UNACH
041 _aspa
082 0 4 _223
_a657
_bL018478
110 _aOsmar D. Buyatti Editorial
245 _aImpuesto Diferido
250 _aPrimera edición
264 _aArgentina
_bOsmar D. Buyatti Editorial
_c2006
300 _a227
505 _a1. Introducción - 2. Diferencias entre la contabilización tradicional del cargo del impuesto a las ganancias y el método diferido (genérico) - 3. El método del pasivo, basado en el balance: aspectos introductorios - 4. El método del pasivo, basado en el balance: aspectos complejos - 5. El método del pasivo, basado en el balance: aspectos especiales - 6. La exposición de la información contable relacionada con el método - 7. La información contable ajustada por inflación y el método - 8. Aplicación de estas normas por primera vez. Ejercicio integral
650 _aASPECTOS GENERALES
650 _aMETODO TRADICIONAL
650 _aMETODO DIFERIDO
700 _aJorge José Gil
942 _2ddc
_c1
999 _c14291